Entwurf einer Allgemeinen Civilprocessordnung für die deutschen Bundesstaaten.

Disimpan dalam:
Butiran Bibliografi
Pengarang Korporat: Deutscher Bund (1815-1866). Kommission zur Beratung einer Allgemeinen Civilprocessordnung für die deutschen Bundesstaaten.
Format: Buku
Bahasa:German
Diterbitkan: Hannover, C.F. Kius, 1866.
Subjek-subjek:
Penanda-penanda: Tambah Penanda
Tiada Penanda, Jadilah orang pertama menanda rekod ini!
LEADER 00846nam a2200193K 4500
001 005299481-3
005 20150406093410.0
008 950214s1866 gw 000 0 ger d
035 0 |a ocm78638600 
040 |a HVL  |c HVL 
110 2 |a Deutscher Bund (1815-1866).  |b Kommission zur Beratung einer Allgemeinen Civilprocessordnung für die deutschen Bundesstaaten. 
245 1 0 |a Entwurf einer Allgemeinen Civilprocessordnung für die deutschen Bundesstaaten. 
260 |a Hannover,  |b C.F. Kius,  |c 1866. 
300 |a 2 p. l., 149 p.  |c 33 cm. 
500 |a "Vergleichende Uebersicht der Paragraphen des nach den Beschlüssen der zweiten Lesung festgestellten Entwurfs ... mit denjenigen des Entwurfs aus erster Lesung:" 24 p. at end. 
650 0 |a Civil procedure  |z Deutscher Bund (1815-1866) 
650 0 |a Civil procedure  |z Austria. 
988 |a 20020608 
906 |0 MH